Online Catalogue and eLibrary

Kidura gosin watunayi pura madulle (Record no. 5331)

MARC details
000 -LEADER
fixed length control field 00418nam a2200169Ia 4500
005 - DATE AND TIME OF LATEST TRANSACTION
control field 20250321015611.0
008 - FIXED-LENGTH DATA ELEMENTS--GENERAL INFORMATION
fixed length control field 240331s9999 xx 000 0 und d
020 ## - INTERNATIONAL STANDARD BOOK NUMBER
ISBN 9551131770
082 ## - DDC Classification
Item Number - Author Mark ALW
Class No. 891
100 ## - MAIN ENTRY--PERSONAL NAME
Personal name Alwis,K.K
245 #0 - TITLE STATEMENT
Title Kidura gosin watunayi pura madulle
250 ## - EDITION STATEMENT
Edition statement 175 p .,
260 ## - PUBLICATION, DISTRIBUTION, ETC.
Place of publication, distribution, etc. Pannipitiya
Name of publisher, distributor, etc. Standfert lake Pvt Ltd
Date of publication, distribution, etc. 2006
300 ## - PHYSICAL DESCRIPTION
Extent (e.g. Volumes, Pages etc.) 175 p .,
650 ## - SUBJECT ADDED ENTRY--TOPICAL TERM
Topical term or geographic name entry element Love story
942 ## - Koha item type (Biblio)
Koha item type Books in Stacks (Lending)
Holdings
Lost status Damaged status Collection code Home library Current library Shelving location Date acquired Full call number Accession Number Item type
    Lending WERC Library WERC Library Social Science Cupboard 03/31/2024 891.48 ALW 6038 Books in Stacks (Lending)

© WERC Library